| 000 | 00449 a2200181 4500 | ||
|---|---|---|---|
| 001 | 066381 | ||
| 003 | OSt | ||
| 005 | 20210927144817.0 | ||
| 008 | |||
| 082 |
_a512.5 _bC42L |
||
| 100 | 1 | _aCheney, Ward | |
| 245 | 1 |
_aLinear algebra _cby Ward Cheney and David Kincaid |
|
| 260 |
_aBoston _bJones and Bartlett _c2010 |
||
| 300 | _a740p. | ||
| 690 | _aAlgebras, Linear | ||
| 700 | _aKincaid, David | ||
| 942 |
_2ddc _cBK |
||
| 999 |
_c441 _d441 |
||